000 01676nam0a2200325 4500
001 RU\NLR\bibl\1188121
005 20260407174249.0
010 _a5-94883-038-1
_9140
021 _aRU
_b2004-65667
035 _a(NLR Aleph) 001174689
090 _a1619489
_c1619489
100 _a20080213d2004 |||y0rusy50 ca
101 0 _arus
_aeng
102 _aRU
105 _aa |||||||||
200 1 _aСборник тезисов
_f6-й Междунар. семинар по горизонт. парогенераторам [22-24 марта 2004 г., ФГУП ОКБ "ГИДРОПРЕСС", Подольск, Россия]
210 _aПодольск
_cФГУП ОКБ "Гидропресс"
_d2004
215 _a72 с.
_cил.
_d23
300 _aЗагл. обл.: Сборник тезисов докладов
300 _aВ надзаг.: М-во Рос. Федерации по атом. энергии, Федер. гос. унитар. предприятие Опыт. конструктор. бюро "Гидропресс"
300 _aТекст на рус. и англ. яз.
512 0 _aСборник тезисов докладов
606 1 _aАтомные электростанции с реактором ВВЭР
_jТезисы докладов
_xПарогенераторы
_92611897
_3RU\NLR\auth\661548455
686 _aЗ474.21-52я431(0)
710 1 2 _aМеждународный семинар по горизонтальным парогенераторам
_d6
_eПодольск
_f2004
_9723024
_3RU\NLR\AUTH\8810111617
801 0 _aRU
_bNLR
_c20080213
_gRCR
801 1 _aRU
_bNLR
_c20080213
942 _cBOOK
980 _aNB